Представление документа в формате MARC21

Поле Инд. ПП Название Значение
Тип записи a
Библиографический уровень m
001 Контрольный номер RU/IS/BASE/332505579
005 Дата корректировки 20220805121050.9
040 b Код языка каталог. rus
041 0_ a Код языка текста rus
080 a Индекс УДК 004.42
084 a Индекс другой классификации/Индекс ББК 32.973.26-018.2
090 a Полочн. индекс 681.3
c Каталожный индекс 681.3
x Авторский знак М29
097 b Оператор 11
100 1_ a Автор Мартин Д.
245 10 a Заглавие Программирование для вычислительных систем реального времени
c Ответственность пер. с англ. В. П. Семиколенова ; под ред. Д. Ю. Панова
260 a Место издания М.
b Издательство Наука
c Дата издания 1975
300 a Объем 359 с.
b Иллюстрации/ тип воспроизводства черт.
510 a Примечание о ссылках Книги и методические пособия
650 a Основная рубрика 50.05 Теоретические основы программирования
x Основная подрубрика 50.05.17 Теоретические основы системного программного обеспечения
653 a Ключевые слова программирование; вычислительные системы
901 t Тип документа m